Normal view
MARC view
Entry Personal Name
001 - CONTROL NUMBER
- control field: 261446
003 - CONTROL NUMBER IDENTIFIER
- control field: OSt
005 - DATE AND TIME OF LATEST TRANSACTION
- control field: 20260411101223.0
008 - FIXED-LENGTH DATA ELEMENTS
- fixed length control field: 260411|| aca||aabn | a|a d
040 ## - CATALOGING SOURCE
- Original cataloging agency: OSt
- Transcribing agency: OSt
100 ## - HEADING--PERSONAL NAME
- Personal name: SHESHAGIRIRAV (D).
- Dates associated with a name: ಡಿ. ಶೇಷಗಿರಿರಾವ್
670 ## - SOURCE DATA FOUND
- Source citation: Work cat.: (OSt)80602: SHESHAGIRIRAV (D). ಡಿ. ಶೇಷಗಿರಿರಾವ್, Manushya dehavalambi paropajivi pranigalu., 1972